Normal view MARC view
  • Velasco Palacios, Antonio

Entry Nombre Personal

Number of records used in: 1

001 - NUMERO DE CONTROL

  • campo de control: 48807

003 - IDENTIFICADOR DE NUMERO DE CONTROL

  • campo de control: UPN

005 - FECHA Y HORA DE LA ÜLTIMA TRANSACCIÓN

  • campo de control: 20230508130320.0

008 - DATOS DE LONGITUD FIJA

  • campo de control de longitud fija: 230508nn acnnnaabn | aaa d

040 ## - FUENTE DE CATALOGACIÓN

  • Agencia original de catalogación: MX-MxUPNUPN
  • Lenguaje de catalogación: spa

100 1# - ENCABEZAMIENTO - NOMBRE PERSONAL

  • Nombre personal: Velasco Palacios, Antonio

400 1# - VEÁSE - NOMBRE DE PERSONA

  • Personal name: Palacios, Antonio Velasco

670 ## - FUENTE EN LA QUE SE LOCALIZARON DATOS

  • Cita de la fuente: La entidad donde vio, 2012:
  • Información localizada: reverso de la portada (Antonio Velasco Palacios)

902 ## - CATALOGADOR

  • Catalogador: VíctorGodínez/080523